| 000 | 00344nam a22001451a 4500 | ||
|---|---|---|---|
| 020 | _a9788190048316 | ||
| 082 |
_aH 954 _bHAR/H |
||
| 100 | _aHarith T P | ||
| 245 |
_aHamare poorvaj/ _cby Harith T P |
||
| 260 |
_aNew Delhi: _bHarith Sahitya Prakashan, _c1997. |
||
| 300 | _a204p. | ||
| 650 | _aHistory India | ||
| 650 | _aHistory | ||
| 942 | _cBK | ||
| 999 |
_c16865 _d16865 |
||